00410pab a2200145 454500008004000000100001900040245006400059260000900123300001500132362001100147650002600158650002700184650001900211773003400230180718b1996 xxu||||| |||| 00| 0 eng d aGood, Byron J. aMental health consequences of displacement and resettlement c1996 ap.1504-508 a15 Jun aMental health - India aRehabilitation - India aRehabilitation aEconomic and Political Weekly